| 000 | 00741nam a22002177a 4500 | ||
|---|---|---|---|
| 999 |
_c19768 _d19768 |
||
| 003 | AR-CdUCM | ||
| 008 | 190521b ||||| |||| 00| 0 spa d | ||
| 040 |
_aMUNICIPALIDAD PROVINCIAL DEL CUSCO _cBIBLIOTECA MUNICIPAL DEL CUSCO |
||
| 082 |
_23ed _a943.086 / _bP75 |
||
| 100 |
_aPoliakov, León _941336 |
||
| 245 |
_aEl tercer reich y los judíos : _bdocumentos y estudios / |
||
| 260 |
_aBarcelona : _bSeix Barral, _c1960. |
||
| 300 |
_a390 páginas ; _bFotografías, _c21 cm. |
||
| 505 | _aContenido: Robos y pillajes -- Exterminio -- Testimonios de supervivientes... | ||
| 650 |
_aAlemania _91327 |
||
| 650 |
_aNazis _9359 |
||
| 650 |
_aHistoria _9136 |
||
| 700 |
_aWulf, Josef _941337 |
||
| 942 |
_2ddc _cLIBROS |
||
| 945 |
_adavv _d2019-05-21 |
||